000 05704cam a22018854i 4500
003 PE-LiUPU
005 20250813165829.0
008 150706s2011 sp a rb 000 0 spa d
020 _a8498426553
020 _a9788498426557
035 _a(Sirsi) i9788498426557
040 _aPE-LiUPU
_bspa
_cPE-LiUPU
_dPE-LiUPU
_erda
049 _aPRUA
082 0 4 _a612.807
_bN55
_221
082 0 4 _a612.807
_bN55 2011
100 1 _aNieto Gil, Jesús María,
_eautor.
245 1 0 _aNeurodidáctica :
_baportaciones de las neurociencias al aprendizaje y a la enseñanza /
_cJesús María Nieto Gil.
264 1 _aMadrid :
_bCCS, D.L.,
_c2011.
300 _a540 páginas :
_bilustraciones ;
_c24 centímetros
336 _atext
_2rdacontent
337 _aunmediated
_2rdamedia
338 _avolume
_2rdacarrier
490 0 _aCampus ;
_v66
504 _aIncluye bibliografía.
505 0 _aRelaciones de las neurociencias, con la psicología y la pedagogía. Metodología e investigadores en neurociencias -- Neurología microscópica -- El sistema nervioso central y el encéfalo -- Estructuras cerebrales subcorticales, el tronco cerebral y el cerebelo -- psicología e información -- La atención o captación selectiva de objetos de los campos perceptivos y representacionales -- Sistemas de memoria -- Neurología de las memorias -- El pensamiento y la inteligencia -- El lenguaje como medio de comunicación -- Neurociencias y lenguaje -- Teorías sobre los dos tipos de aprendizaje cognitivo -- El aprendizaje de contenidos significativos y no significativos -- Afectividad y aprendizaje -- Motivación y actitudes hacia el aprendizaje -- Estrategias psicodidácticas propuestas por Robert Marzano y Merilee Sprenger -- Recodificación (Recode) -- Estrategias psicodidácticas de reforzamiento, de revisión/repaso y de recuperación -- Modelos psicodidácticos globales de enseñanza/aprendizaje -- El modelo de enseñanza/aprendizaje cooperativo, el modelo de las inteligencias múltiples, enseñar/aprender y los programas de desarrollo intelectual.
526 _aP203
526 _aP200
526 _aSEG65
526 _aSEG64
526 _aSEG63
526 _aSEG62
526 _aSEG61
526 _aSEG60
526 _aSEG59
526 _aSEG58
526 _aSEG57
526 _aSEG56
526 _aSEG55
526 _aSEG54
526 _aSEG53
526 _aSEG52
526 _aSEG51
526 _aSEG50
526 _aSEG49
526 _aSEG48
526 _aSEG47
526 _aSEG46
526 _aSEG24
526 _aSEG23
526 _aSEG22
526 _aSEG21
526 _aSEG20
526 _aSEG19
526 _aSEG18
526 _aSEG17
526 _aSEG16
526 _aSEG14
526 _aSEG13
526 _aSEG12
526 _aSEG11
526 _aSEG10
526 _aSEG09
526 _aSEG06
526 _aSEG05
526 _aSEG04
526 _aSEG03
526 _aSEG02
526 _aSEG68
526 _aSEG66
526 _aSEG45
526 _aSEG25
526 _aSEG01
526 _aP163
526 _aP162
526 _aP161
526 _aP160
526 _aP159
526 _aP158
526 _aP157
526 _aP156
526 _aP155
526 _aP154
526 _aP153
526 _aP152
526 _aP151
526 _aP150
526 _aP149
526 _aP142
526 _aP141
526 _aP140
526 _aP139
526 _aP138
526 _aP137
526 _aP132
526 _aP131
526 _aP130
526 _aP126
526 _aP125
526 _aP124
526 _aP123
526 _aP115
526 _aP122
526 _aP121
526 _aP116
526 _a P114
526 _aP112
526 _aP111
526 _aP104
526 _aP103
526 _aP102
526 _aP101
526 _aP100
526 _aP96
526 _aP95
526 _aP93
526 _aP92
526 _aP91
526 _aP88
526 _aP83
526 _aP82
526 _aP79
526 _aP78
526 _aP75
526 _aP74
526 _aP71
526 _aP69
526 _a P51
526 _aP49
526 _aP48
526 _aP47
526 _aP33
526 _aP31
526 _a P30
526 _aP29
526 _aP27
526 _aP26
526 _aP25
526 _aP24
526 _a P22
526 _aP10
526 _aP09
526 _a P08
526 _aP06
526 _aP05
526 _aP04
526 _aP01
541 _g001-003364;
650 0 4 _aNeurociencia cognitiva.
650 0 4 _aAprendizaje
_xAspectos fisiológicos.
910 _agl20110907
910 _btqv
_cjhc
_d20160913
942 _2ddc
_cBOOK
949 _a612.807 N55
_wDEWEY
_c1
_i63610
_lCCODEBUL1
_mBUL
_p75.00
_r0
_sY
_tBOOK
_u2015-7-6
_xSALUD
_PP33
_o.STAFF. Colección Ciencias de la Salud
949 _a612.807 N55 2011
_wDEWEY
_c1
_iFJ02015
_lCCODEBUJ1
_mBUJ
_p60.00
_r0
_sY
_tBOOK
_u2016-09-13
_xSALUD
_PP22
_0COMPRA
_o.STAFF. Colección General Juliaca
994 _aC0
_bPEPRU
596 _a1 3
999 _a612.807 N55
_wDEWEY
_c52518
_i63610
_d52518
_e2022-5-12
_f2021-11-3
_g5
_lCCODEBUL1
_mBUL
_n17
_p75.00
_q7
_r0
_sY
_tBOOK
_u2015-7-6
_xSALUD
_zP33
_0COMPRA
_o.STAFF. Colección Ciencias de la Salud
999 _a612.807 N55 2011
_wDEWEY
_c1
_iFJ02015
_d2019-9-17
_e2019-8-25
_f2022-1-25
_g4
_lCCODEBUJ1
_mBUJ
_n17
_p60.00
_q38
_r0
_sY
_tBOOK
_u2015-9-15
_xSALUD
_PP22
_0COMPRA
_o.STAFF. Colección General Juliaca
980 _81
_gALBERTO SANCHEZ Responsable de Automatización